Gaming Quiz

Random Gaming or Video Games Quiz
Score 0/161 Timer 20:00
0 Plays Today
% Correct
Trunks
(Sword) (SS)
59.1%
Goku
(SS4)
58.6%
Mecha
Frieza
58.6%
Babidi
58.6%
Yamcha
58.2%
Chiaotzu
58.2%
Kid Trunks
58.2%
Yajirobe
58.2%
Recoome
58.2%
Captain
Ginyu
58.2%
Jeice
58.2%
Kid Buu
58.2%
Bardock
58.2%
Goku (End)
(SS)
57.7%
Kid Trunks
(SS)
57.7%
Nappa
57.7%
Super
Zarbon
57.7%
Goku (GT)
(SS3)
57.3%
Uub
57.3%
Guldo
57.3%
Zarbon
57.3%
Cell (1st F.)
57.3%
Piccolo
(Early)
56.8%
Vegeta
(SS4)
56.8%
Frieza (FP)
56.8%
Cell (2nd F.)
56.8%
Cell
(P. Form)
56.8%
Android #16
56.8%
Majin Buu
56.8%
Krillin
56.4%
Goku (End)
(SS3)
56.4%
Super
Vegito
56.4%
Master
Roshi
56.4%
Master
Roshi (Max)
56.4%
Raditz
56.4%
Frieza (1st)
56.4%
Chi-Chi
56.4%
Goku
(Early)
55.9%
Majin Vegeta
55.9%
Hercule
55.9%
GA Raditz
55.9%
Dodoria
55.9%
Frieza (2nd)
55.9%
Frieza (3rd)
55.9%
Frieza (FF)
55.9%
Cell Jr.
55.9%
Android #18
55.9%
Super Buu
(Gotenks)
55.9%
GA Bardock
55.9%
Teen
Gohan
55.5%
Teen Gohan
(SS2)
55.5%
Piccolo
(End)
55.5%
Tien
55.5%
Great
Saiyaman
55.5%
% Correct
Gotenks
55.5%
Spopovich
55.5%
Slug
55.5%
Cooler (FF)
55.5%
Vegeta
(Scouter)
55%
GA Vegeta
55%
Trunks
(Sword)
55%
Goku
(Mid) (SS)
55%
Vegeta (SS)
55%
Goku (GT)
55%
Pan
55%
Saibaman
55%
Burter
55%
Dr. Gero
55%
Garlic Jr.
55%
Giant
Slug
55%
Meta-Cooler
55%
King Piccolo
55%
General
Blue
55%
C. Tao
55%
Great Ape
55%
Teen
Gohan (SS)
54.5%
Vegeta
54.5%
Trunks (SS)
54.5%
Goten (SS)
54.5%
Gotenks
(SS)
54.5%
F. Gohan
(SS)
54.5%
Great
Saiyaman 2
54.5%
Nail
54.5%
Dabura
54.5%
Cooler
54.5%
Android #13
(Fusion)
54.5%
Broly
54.5%
Janemba
54.5%
Pilaf
Machine
54.5%
Goku (Mid)
54.1%
Trunks
54.1%
Goku (End)
54.1%
GA Nappa
54.1%
GA King
Vegeta
54.1%
Cell
(Perfect)
54.1%
Android #19
54.1%
Android #17
54.1%
Super Buu
(Gohan)
54.1%
Broly (LSS)
54.1%
Kid Goku
54.1%
Android #8
54.1%
Arale
54.1%
Super Buu
54.1%
Gotenks
(SS3)
54.1%
Goku (End)
(SS2)
53.6%
Vegito
53.6%
Vegeta
(End) (SS)
53.6%
Gogeta
(SS4)
53.6%
% Correct
Cui
53.6%
Majin Buu
(Pure Evil)
53.6%
Fasha
53.6%
Turles
53.6%
Android #13
53.6%
Grandpa
Gohan
53.6%
Kid Gohan
53.2%
Super
Gogeta
53.2%
Gohan (SS)
53.2%
Vegeta
(End) (SS2)
53.2%
Majuub
53.2%
GA Turles
53.2%
Hirudegarn
53.2%
Baby
Vegeta
53.2%
GGA Baby
53.2%
Ultimate
Gohan
52.7%
Goten
52.7%
Videl
52.7%
Appule
52.7%
Pilaf M.
(Fusion)
52.7%
F. Gohan
52.3%
GA Fasha
52.3%
Bojack
52.3%
S. Janemba
52.3%
Pikkon
52.3%
Super
Baby 1
52.3%
M. Tao
52.3%
Gohan
51.8%
Vegeta (End)
51.8%
King Cold
51.8%
Super
Garlic Jr.
51.8%
Super 17
51.8%
Goku (GT)
(SS)
51.4%
Supreme Kai
51.4%
Frieza
Soldier
51.4%
Dr. Wheelo
51.4%
Broly (SS)
51.4%
Tambourine
51.4%
Devilman
51.4%
Nam
51.4%
Gohan (SS2)
50.9%
Kibitokai
50.9%
King
Vegeta
50.9%
Zangya
50.9%
Bojack
(Full Power)
50.5%
Tapion
50.5%
Nuova
Shenron
50%
Super
Trunks
49.5%
Salza
48.6%
Super
Baby 2
48.6%
Syn
Shenron
48.6%
Super
Vegeta
47.3%
Omega
Shenron
47.3%
Come Together.
Have Fun.
All Virtual.
We all need to come together. Play Sporcle's virtual live trivia to have fun, connect with people, and get your trivia on. Join a live hosted trivia game for your favorite pub trivia experience done virtually. If a virtual private party is more your thing, go here for details.

You're not logged in!

Compare scores with friends on all Sporcle quizzes.
OR
Log In

Sporcle TV

Today on Sporcle TV


Watch our educational content, quiz creation guides, and fun videos on Sporcle TV.

Show Comments

Extras

Top Quizzes Today


Score Distribution

Paid Content

Your Account Isn't Verified!

In order to create a playlist on Sporcle, you need to verify the email address you used during registration. Go to your Sporcle Settings to finish the process.

Report this User

Report this user for behavior that violates our Community Guidelines.

Details: